[Event "4.Nord-West-Cup"]
[Site "?"]
[Date "2002.??.??"]
[Round "3"]
[White "Wichelmann, Martin"]
[Black "van der Veen, Anne"]
[Result "1-0"]
[WhiteElo "1975"]
[BlackElo "1600"]
[PlyCount "101"]

1. e4 e6 2. d4 d5 3. e5 b6 4. c3 Qd7 5. f4 h5 6. Nf3 Ba6 7. Bxa6 Nxa6 8. Qd3
Nb8 9. Be3 Nh6 10. Nbd2 Nf5 11. Bf2 c5 12. Ke2 Nc6 13. Rag1 cxd4 14. Nxd4 g6
15. a3 Bc5 16. Rc1 Bxd4 17. cxd4 O-O-O 18. g3 Kb7 19. h3 h4 20. g4 Ncxd4+ 21.
Bxd4 Ng3+ 22. Kf3 Nxh1 23. Rxh1 Rc8 24. Qb3 Qc6 25. a4 Qc2 26. Qxc2 Rxc2 27.
Ke3 Rc6 28. Kd3 Kc7 29. Nb3 Kd7 30. a5 Rb8 31. axb6 axb6 32. Ra1 Ke8 33. Ra6
Kd7 34. Ra7+ Rc7 35. Rxc7+ Kxc7 36. Kc3 Kc6 37. Kb4 Rh8 38. Bf2 Rh7 39. Nd4+
Kb7 40. Kb5 Rh8 41. Nf3 Rc8 42. Bxb6 Rc2 43. Bd4 Rg2 44. Nxh4 Rg3 45. f5 gxf5
46. gxf5 Rxh3 47. fxe6 fxe6 48. Ng6 Rd3 49. Kc5 Rf3 50. b4 Rf7 51. Kd6 1-0

[Event "4.Nord-West-Cup"]
[Site "?"]
[Date "2002.??.??"]
[Round "3"]
[White "Woeltge, Carsten"]
[Black "Eden, Wilke"]
[Result "1/2-1/2"]
[WhiteElo "1899"]
[BlackElo "1673"]
[PlyCount "62"]

1. d4 d5 2. Nf3 Nf6 3. c4 e6 4. Nc3 c5 5. cxd5 exd5 6. g3 Nc6 7. Bg2 cxd4 8.
Nxd4 Bb4 9. O-O Bxc3 10. bxc3 h6 11. Ba3 Ne7 12. Rb1 O-O 13. Qb3 Re8 14. Rfd1
a6 15. Rb2 Nc6 16. Nxc6 bxc6 17. Rbd2 Be6 18. Qa4 Bd7 19. Bc5 Ne4 20. Bxe4 Rxe4
21. Qa3 Qe8 22. e3 Bg4 23. Rb1 Bf3 24. h3 Qe6 25. Kh2 Qg6 26. Rg1 Qh5 27. Qc1
Bg4 28. Qf1 Rb8 29. Qg2 Bf3 30. Qf1 Bg4 31. Qg2 Bf3 1/2-1/2

[Event "4.Nord-West-Cup"]
[Site "?"]
[Date "2002.??.??"]
[Round "3"]
[White "Campe, Uwe"]
[Black "Niemann, Heinrich"]
[Result "1-0"]
[WhiteElo "1766"]
[BlackElo "1590"]
[PlyCount "81"]

1. d4 d5 2. c4 e6 3. Nc3 Nf6 4. Bg5 Be7 5. e3 b6 6. cxd5 Nxd5 7. Bxe7 Nxe7 8.
Nf3 Bb7 9. Bd3 O-O 10. O-O Nd7 11. Rc1 c5 12. Qe2 Rc8 13. Rfd1 c4 14. Bxc4 Bxf3
15. gxf3 Nf5 16. Ne4 Nf6 17. Qf1 Kh8 18. Bd3 Nd5 19. Qh3 Rxc1 20. Rxc1 Nh4 21.
Qg3 h6 22. Nc3 g5 23. Nxd5 Qxd5 24. Be4 Qxa2 25. Qe5+ f6 26. Qd6 Rf7 27. h3 f5
28. Rc8+ Kg7 29. Qd8 Qa4 30. Qg8+ Kf6 31. Qh8+ Kg6 32. Qg8+ Rg7 33. Qxe6+ Kh5
34. Bxf5 Qd1+ 35. Kh2 Nxf3+ 36. Kg3 Qg1+ 37. Kxf3 Qd1+ 38. Kg2 g4 39. Bxg4+
Rxg4+ 40. Qxg4+ Qxg4+ 41. hxg4+ 1-0

[Event "4.Nord-West-Cup"]
[Site "?"]
[Date "2002.??.??"]
[Round "3"]
[White "Belilowski, Alexander"]
[Black "Otte, Klaus"]
[Result "1-0"]
[WhiteElo "1750"]
[BlackElo "1345"]
[PlyCount "59"]

1. c4 Nf6 2. d4 e6 3. Bg5 d5 4. e3 Be7 5. Nf3 O-O 6. Bxf6 Bxf6 7. Bd3 c5 8. Qc2
dxc4 9. Bxh7+ Kh8 10. Be4 cxd4 11. exd4 Bxd4 12. Nxd4 Qxd4 13. O-O f5 14. Bf3
g5 15. Nc3 a6 16. Rad1 Qh4 17. g3 Qh7 18. Rd6 Kg7 19. Bg2 g4 20. Rfd1 Rh8 21.
Ne2 Qxh2+ 22. Kf1 Nc6 23. Qc3+ Kf7 24. Nd4 Ne5 25. Nxe6 Bxe6 26. Qxe5 Rhe8 27.
Rd7+ Re7 28. Rxe7+ Kxe7 29. Qg7+ Ke8 30. Re1 1-0

[Event "4.Nord-West-Cup"]
[Site "?"]
[Date "2002.??.??"]
[Round "3"]
[White "da Costa, Martin"]
[Black "Schippl, Thomas"]
[Result "1-0"]
[WhiteElo "2030"]
[BlackElo "1595"]
[PlyCount "53"]

1. Nf3 c5 2. g3 d5 3. Bg2 Nf6 4. O-O Nc6 5. d4 e6 6. c4 Be7 7. cxd5 exd5 8. Nc3
Be6 9. b3 O-O 10. Bb2 Qc7 11. Rc1 b6 12. Qd3 Nb4 13. Qb1 Rac8 14. Rfd1 Rfd8 15.
Ng5 h6 16. Nxe6 fxe6 17. e4 Bf8 18. a3 Nc6 19. dxc5 dxe4 20. Rxd8 Rxd8 21. Nxe4
Nxe4 22. Qxe4 Ne7 23. Qxe6+ Kh8 24. Qxh6+ Kg8 25. Qe6+ Kh8 26. Be4 Rd2 27. Qh6+
1-0

[Event "4.Nord-West-Cup"]
[Site "?"]
[Date "2002.??.??"]
[Round "3"]
[White "Krause, Klaus"]
[Black "Ungar, Benedict"]
[Result "1-0"]
[WhiteElo "2029"]
[BlackElo "1576"]
[PlyCount "31"]

1. e4 Nc6 2. Nc3 Nf6 3. d4 e5 4. Nf3 exd4 5. Nxd4 Bc5 6. Be3 Nxd4 7. Bxd4 Bxd4
8. Qxd4 O-O 9. Be2 Re8 10. e5 Ng4 11. Qxg4 d6 12. Qf3 Rxe5 13. O-O Qg5 14. Bd3
Bg4 15. Qg3 Rae8 16. f4 1-0

[Event "4.Nord-West-Cup"]
[Site "?"]
[Date "2002.??.??"]
[Round "3"]
[White "Strunski, Andreas"]
[Black "Muders, Martin"]
[Result "0-1"]
[WhiteElo "1570"]
[BlackElo "1820"]
[PlyCount "68"]

1. e4 g6 2. d4 Bg7 3. c4 d6 4. Nc3 Nf6 5. Nf3 O-O 6. Be2 c6 7. O-O a5 8. Be3
Ng4 9. Bf4 f5 10. exf5 Bxf5 11. h3 Nf6 12. Bd3 Bxd3 13. Qxd3 Na6 14. Qe3 Nb4
15. Bh6 Qd7 16. Bxg7 Kxg7 17. Ng5 Kg8 18. Qd2 h6 19. Nf3 Kg7 20. a3 Na6 21.
Rae1 Nc7 22. Qd3 g5 23. h4 g4 24. Nd2 Rae8 25. Nde4 Nh5 26. Ng3 Nf4 27. Qe4 Rf6
28. f3 d5 29. cxd5 cxd5 30. Qe5 Nd3 31. Nh5+ Kg6 32. Nxf6 exf6 33. Qh5+ Kxh5
34. fxg4+ Kg6 0-1

[Event "4.Nord-West-Cup"]
[Site "?"]
[Date "2002.??.??"]
[Round "3"]
[White "Stindt, Rolf"]
[Black "Mengler, Marc"]
[Result "0-1"]
[WhiteElo "1557"]
[BlackElo "1768"]
[PlyCount "100"]

1. d4 Nf6 2. Nf3 g6 3. Bf4 Bg7 4. e3 O-O 5. c4 d6 6. Be2 Nbd7 7. O-O Nh5 8. Bg5
h6 9. Bh4 Qe8 10. Nc3 c6 11. Nd2 Nhf6 12. Nde4 Nxe4 13. Nxe4 f5 14. Nc3 e5 15.
dxe5 dxe5 16. b4 g5 17. Bg3 f4 18. exf4 exf4 19. Bh5 Qe5 20. Ne2 Qxa1 21. Qb3
Qf6 22. c5+ Kh8 23. h3 fxg3 24. Nxg3 Qc3 25. Qb1 Nf6 26. Bg6 a5 27. bxa5 Qxc5
28. Qe1 Rxa5 29. Bb1 Rb5 30. Qd1 Rxb1 31. Qxb1 g4 32. hxg4 Nxg4 33. Qe1 Nxf2
34. Kh2 Ng4+ 35. Kh1 Nf2+ 36. Kh2 Qd4 37. Qe7 Ng4+ 38. Kh1 Rxf1+ 39. Nxf1 Qf6
40. Qe8+ Qf8 41. Qe2 Qf7 42. Ng3 Bd7 43. Qd2 Qf6 44. Qe1 Qh4+ 45. Kg1 Bd4+ 46.
Kf1 Qf6+ 47. Ke2 Qe5+ 48. Kd1 Nf2+ 49. Qxf2 Bxf2 50. Ne2 Bg4 0-1

[Event "4.Nord-West-Cup"]
[Site "?"]
[Date "2002.??.??"]
[Round "3"]
[White "Lukossek, Thomas"]
[Black "Reininga, Jannes"]
[Result "1/2-1/2"]
[WhiteElo "1732"]
[BlackElo "1562"]
[PlyCount "82"]

1. e4 c6 2. d4 d5 3. exd5 cxd5 4. Nf3 Nf6 5. Be2 Bg4 6. O-O e6 7. Ne5 Bxe2 8.
Qxe2 Qb6 9. c3 Be7 10. a4 Nc6 11. Nxc6 Qxc6 12. f3 O-O 13. Re1 Bd6 14. Bg5 Nd7
15. Nd2 Qc7 16. g3 Rfb8 17. c4 h6 18. Be3 dxc4 19. Nxc4 Rc8 20. Rec1 Nf6 21. a5
Nd5 22. Nb6 Qxc1+ 23. Rxc1 axb6 24. Rxc8+ Rxc8 25. axb6 Rc6 26. Bf2 Rxb6 27.
Qc2 Rc6 28. Qb3 Rb6 29. Qc2 Rc6 30. Qa4 Kh7 31. Kg2 Kg6 32. h4 h5 33. Qd1 Kh7
34. Qd3+ g6 35. Kh3 Kg7 36. Be1 Rc1 37. Qd2 Rc6 38. Bf2 Bb4 39. Qe2 Bd6 40. Qd2
Bb4 41. Qe2 Bd6 1/2-1/2

[Event "4.Nord-West-Cup"]
[Site "?"]
[Date "2002.??.??"]
[Round "3"]
[White "Carstens, Manfred"]
[Black "Keck, Martin"]
[Result "1/2-1/2"]
[WhiteElo "1689"]
[BlackElo "1555"]
[PlyCount "76"]

1. d4 d5 2. Nf3 Nf6 3. c4 dxc4 4. Nc3 e6 5. Qa4+ Qd7 6. Qxc4 Nc6 7. e4 b6 8.
Qxc6 Qxc6 9. Bb5 Bd7 10. Bxc6 Bxc6 11. e5 Nd5 12. Nxd5 Bxd5 13. Ke2 Be7 14. Be3
O-O 15. g4 f6 16. Rhg1 Bxf3+ 17. Kxf3 fxe5+ 18. Ke4 exd4 19. Bxd4 Bd6 20. Rg2
Rad8 21. h4 Rf4+ 22. Ke3 e5 23. Bc3 Rdf8 24. Rf1 Bc5+ 25. Ke2 e4 26. b4 Bd6 27.
a3 Rf3 28. Bb2 c5 29. Rd1 Be7 30. Rd7 R3f7 31. g5 cxb4 32. g6 hxg6 33. Rxa7
bxa3 34. Bxa3 Bxa3 35. Rxa3 Rf4 36. Ra7 R8f7 37. Ra8+ Kh7 38. Rb8 Rxh4 1/2-1/2

[Event "4.Nord-West-Cup"]
[Site "?"]
[Date "2002.??.??"]
[Round "3"]
[White "Zell, Stefan"]
[Black "Arora, Manuel"]
[Result "1/2-1/2"]
[WhiteElo "1678"]
[BlackElo "1428"]
[PlyCount "100"]

1. Nf3 Nf6 2. g3 e6 3. Bg2 d5 4. d3 b6 5. O-O Ba6 6. Nbd2 Be7 7. b3 O-O 8. Bb2
Nbd7 9. Re1 c5 10. e4 dxe4 11. dxe4 Bb7 12. Qe2 Qc7 13. e5 Nd5 14. a3 Bd8 15.
Ne4 Ne7 16. Rad1 Nc6 17. Nd6 Be7 18. Nxb7 Qxb7 19. Nd2 Qc7 20. Qe4 Rac8 21. Nc4
Ndb8 22. Nd6 Rcd8 23. Nb5 Qc8 24. Bf1 Rxd1 25. Rxd1 Rd8 26. Bd3 g6 27. Re1 Qd7
28. Kg2 Qd5 29. Qxd5 Rxd5 30. f4 Rd7 31. Nc3 Nd4 32. Be4 Nf5 33. Bxf5 Rd2+ 34.
Re2 Rxe2+ 35. Nxe2 exf5 36. Nc3 Na6 37. Nd5 Bd8 38. Kf3 Nc7 39. c4 Kf8 40. b4
cxb4 41. axb4 Ke8 42. b5 Kd7 43. Nb4 Ne6 44. Nc6 Be7 45. Nxa7 Nd8 46. Bd4 Kc7
47. Bxb6+ Kxb6 48. Nc8+ Kc5 49. Nxe7 Kxc4 50. Nc6 Nb7 1/2-1/2

[Event "4.Nord-West-Cup"]
[Site "?"]
[Date "2002.??.??"]
[Round "3"]
[White "Korsus, Stephanie"]
[Black "Toth, Hans-Juergen"]
[Result "1-0"]
[WhiteElo "1660"]
[BlackElo "1427"]
[PlyCount "85"]

1. e4 e6 2. d4 d5 3. e5 c5 4. c3 Nc6 5. Nf3 Qb6 6. Be2 Nh6 7. Bd3 Bd7 8. Bc2
Rc8 9. O-O cxd4 10. cxd4 Nb4 11. Na3 Nxc2 12. Nxc2 Nf5 13. b3 Qc6 14. Ne3 Nxe3
15. Bxe3 Qc2 16. Qe1 Ba3 17. Qa5 Bb2 18. Rab1 O-O 19. Qxa7 Rc7 20. h3 Rfc8 21.
Qb6 Ra8 22. Rxb2 Qxb2 23. Qxc7 Be8 24. Rc1 Qxa2 25. Qxb7 h6 26. Rc8 Rxc8 27.
Qxc8 Kf8 28. Qc5+ Kg8 29. b4 Qa4 30. Nd2 Kh7 31. Qc3 Bb5 32. Qb3 Qa6 33. Qb1+
g6 34. Nb3 Bc4 35. Nc5 Qb5 36. Bd2 Be2 37. Qe1 g5 38. f4 Kg6 39. fxg5 hxg5 40.
Qg3 Qc4 41. Bxg5 Qc2 42. Bf6+ Kf5 43. Qg5# 1-0

[Event "4.Nord-West-Cup"]
[Site "?"]
[Date "2002.??.??"]
[Round "3"]
[White "Christophers, Reinhard"]
[Black "Reinhard, Ralf-Peter"]
[Result "1-0"]
[WhiteElo "1603"]
[BlackElo "1400"]
[PlyCount "50"]

1. e4 Nf6 2. e5 Nd5 3. c4 Nb6 4. d4 d6 5. exd6 cxd6 6. Be3 g6 7. Nf3 Bg7 8. Be2
O-O 9. O-O Nc6 10. Nc3 Bg4 11. b3 Nd7 12. Rc1 Nf6 13. d5 Bxf3 14. Bxf3 Ne5 15.
Be2 Ned7 16. f4 h5 17. Qd2 Ng4 18. Bxg4 hxg4 19. f5 gxf5 20. Rxf5 e6 21. Rh5
Nf6 22. Bg5 Qb6+ 23. Be3 Qd8 24. Rg5 e5 25. Rxg7+ Kxg7 1-0

[Event "4.Nord-West-Cup"]
[Site "?"]
[Date "2002.??.??"]
[Round "3"]
[White "Jenisch, Achim"]
[Black "Nickel, Nicolai"]
[Result "1-0"]
[WhiteElo "1601"]
[BlackElo "1100"]
[PlyCount "59"]

1. c4 e5 2. Nc3 Nf6 3. e4 Bb4 4. d3 Nc6 5. g3 b6 6. Bg2 Bb7 7. Nge2 d6 8. O-O
Qd7 9. a3 Bxc3 10. Nxc3 Nd4 11. f4 Qg4 12. Qxg4 Nxg4 13. Bh3 Bc8 14. Bxg4 Bxg4
15. Nd5 O-O-O 16. fxe5 dxe5 17. Rxf7 Rd7 18. Rxd7 Kxd7 19. Be3 Be2 20. Bxd4
exd4 21. Nf4 Bg4 22. h3 Be6 23. Nxe6 Kxe6 24. Rf1 Ke7 25. Kg2 Rf8 26. Rxf8 Kxf8
27. Kf3 h6 28. Kf4 g6 29. Ke5 c5 30. Kf6 1-0

[Event "4.Nord-West-Cup"]
[Site "?"]
[Date "2002.??.??"]
[Round "4"]
[White "Jugelt, Tobias"]
[Black "Bischoff, Klaus"]
[Result "1/2-1/2"]
[WhiteElo "2433"]
[BlackElo "2558"]
[PlyCount "36"]

1. d4 Nf6 2. Bg5 e6 3. e3 h6 4. Bxf6 Qxf6 5. f4 g6 6. Nf3 Bg7 7. Bd3 d6 8. Nbd2
Nd7 9. Qe2 Qe7 10. O-O-O a6 11. e4 e5 12. Qe3 exd4 13. Nxd4 Nc5 14. N2f3 Bg4
15. h3 Bxf3 16. Nxf3 O-O-O 17. Rhe1 Rhe8 18. Bc4 Kb8 1/2-1/2

[Event "4.Nord-West-Cup"]
[Site "?"]
[Date "2002.??.??"]
[Round "4"]
[White "Vasiljevic, Dragan"]
[Black "Lingnau, Carsten"]
[Result "1-0"]
[WhiteElo "2351"]
[BlackElo "2436"]
[PlyCount "56"]

1. d4 Nf6 2. c4 e6 3. Nc3 Bb4 4. e3 O-O 5. Bd3 c5 6. Nge2 d5 7. a3 Bxc3+ 8.
bxc3 dxc4 9. Bxc4 Qc7 10. Bd3 e5 11. Bb2 Nc6 12. h3 Rd8 13. O-O b6 14. Qc2 Bb7
15. dxc5 bxc5 16. Ng3 Rab8 17. c4 Ne7 18. f4 e4 19. Be2 Qc6 20. Be5 Ra8 21.
Rfe1 Rd7 22. Qc3 Rad8 23. Ra2 Kf8 24. Rb2 Neg8 25. Qa5 Ba6 26. Reb1 Ne7 27. Rb8
Nc8 28. Bxf6 28... gxf6 {Rest unleserlich,1-0 im 53.Zug} 1-0

[Event "4.Nord-West-Cup"]
[Site "?"]
[Date "2002.??.??"]
[Round "4"]
[White "Zezulkin, Jurij"]
[Black "Grecescu, Gabriel"]
[Result "1-0"]
[WhiteElo "2523"]
[BlackElo "2272"]
[PlyCount "151"]

1. e4 c5 2. Nc3 Nc6 3. Nf3 g6 4. d4 cxd4 5. Nxd4 Bg7 6. Be3 Nf6 7. Bc4 O-O 8.
Bb3 Qa5 9. O-O d6 10. h3 Bd7 11. Re1 Nxd4 12. Bxd4 Bc6 13. Nd5 Bxd5 14. exd5
Rfe8 15. c4 Nd7 16. Bxg7 Kxg7 17. Ba4 Rad8 18. a3 a6 19. b4 Qc7 20. Qd4+ Kg8
21. c5 Rf8 22. Rxe7 dxc5 23. d6 Nb6 24. Qf4 Qc8 25. Bb3 c4 26. Rc1 Qc6 27. Bxc4
Nxc4 28. Rxc4 Qxd6 29. Qxd6 Rxd6 30. Rxb7 Rf6 31. Rbc7 Rd8 32. Rc8 Rxc8 33.
Rxc8+ Kg7 34. Kf1 Re6 35. Rc3 h5 36. h4 f6 37. Rc7+ Kh6 38. Rb7 Rc6 39. Ra7 Re6
40. Rc7 g5 41. hxg5+ fxg5 42. Rc5 Kg6 43. f3 h4 44. Kg1 Rd6 45. Kh2 Re6 46. a4
Rd6 47. Rc1 Kf5 48. b5 a5 49. Rb1 Rb6 50. Kh3 Kf4 51. Re1 Kf5 52. Re8 Rd6 53.
Ra8 Rd1 54. Kh2 Kf4 55. Rxa5 h3 56. Ra8 hxg2 57. Rf8+ Ke5 58. Kxg2 Rb1 59. Ra8
Kf4 60. Rf8+ Ke5 61. Re8+ Kf5 62. Re2 Rb4 63. Ra2 Kf4 64. a5 Rxb5 65. a6 Rb8
66. a7 Ra8 67. Ra5 g4 68. Ra4+ Kf5 69. fxg4+ Kf6 70. Kg3 Kg5 71. Ra5+ Kg6 72.
g5 Kf7 73. Kf4 Ke6 74. Ra6+ Kd7 75. g6 Ke7 76. Kg5 1-0

[Event "4.Nord-West-Cup"]
[Site "?"]
[Date "2002.??.??"]
[Round "4"]
[White "Fish, Gennadij"]
[Black "Asendorf, Joachim"]
[Result "1-0"]
[WhiteElo "2499"]
[BlackElo "2297"]
[PlyCount "123"]

1. e4 c5 2. Nf3 d6 3. Bb5+ Bd7 4. Bxd7+ Qxd7 5. c4 Nf6 6. Nc3 Nc6 7. d4 cxd4 8.
Nxd4 Qg4 9. O-O Qxd1 10. Rxd1 Rc8 11. Nxc6 Rxc6 12. b3 g6 13. Be3 a6 14. Rac1
Bg7 15. f3 O-O 16. Nd5 Re8 17. Nb6 e6 18. b4 Bf8 19. a4 Be7 20. a5 Rd8 21. Bg5
Kf8 22. b5 Rc5 23. Be3 Rc7 24. c5 dxc5 25. Rxd8+ Bxd8 26. Bf4 Rd7 27. Nxd7+
Nxd7 28. b6 Bf6 29. Bd6+ Ke8 30. e5 Bg5 31. Rc2 Be3+ 32. Kf1 Bd4 33. Ke2 f6 34.
exf6 Kf7 35. Be7 Nxf6 36. Bxc5 Be5 37. Bf2 Nd5 38. Bg3 Bc3 39. Be1 Be5 40. g3
Ke7 41. f4 Bf6 42. Kd3 Kd7 43. Ke4 h5 44. h3 Bg7 45. Bd2 Bh8 46. Rc1 Bb2 47.
Re1 Bg7 48. Kd3 Kd6 49. Kc4 Bf6 50. g4 Bg7 51. Bb4+ Kd7 52. f5 gxf5 53. gxf5
Nf4 54. Bd2 e5 55. Bxf4 exf4 56. Rf1 Be5 57. Kd5 Bc3 58. Rxf4 Ke7 59. f6+ Kf7
60. Kd6 Bxa5 61. Kc7 Bd2 62. Rf3 1-0

[Event "4.Nord-West-Cup"]
[Site "?"]
[Date "2002.??.??"]
[Round "4"]
[White "Kozlova, Olga"]
[Black "Meins, Gerlef"]
[Result "0-1"]
[WhiteElo "2259"]
[BlackElo "2393"]
[PlyCount "66"]

1. e4 c5 2. Nf3 Nc6 3. d4 cxd4 4. Nxd4 Nf6 5. Nc3 d6 6. Bc4 e6 7. Bb3 Be7 8.
O-O O-O 9. Be3 Bd7 10. f4 Nxd4 11. Bxd4 Bc6 12. Qe2 b5 13. Nxb5 Bxb5 14. Qxb5
Nxe4 15. Rad1 d5 16. Qe2 Bc5 17. Bxc5 Nxc5 18. Rf3 Qb6 19. Kh1 g6 20. h4 a5 21.
a4 Rab8 22. h5 Qc7 23. hxg6 hxg6 24. g4 Kg7 25. Kg2 Rh8 26. Qf2 Nxb3 27. cxb3
Rb4 28. Rf1 Qb6 29. Qc2 Qd4 30. Rd1 Qe4 31. Qc3+ d4 32. Qe1 Rh2+ 33. Kxh2 Qxf3
0-1

[Event "4.Nord-West-Cup"]
[Site "?"]
[Date "2002.??.??"]
[Round "4"]
[White "Sarakauskas, Gediminas"]
[Black "Korba, Roman"]
[Result "1-0"]
[WhiteElo "2392"]
[BlackElo "2061"]
[PlyCount "73"]

1. d4 Nf6 2. Nf3 e6 3. c4 Bb4+ 4. Nbd2 d6 5. g3 O-O 6. Bg2 Qe7 7. O-O Bxd2 8.
Bxd2 Ne4 9. Bc1 f5 10. Nd2 Nxd2 11. Bxd2 Nd7 12. Qb3 Kh8 13. Rac1 c6 14. Qa3 a6
15. Rfd1 Re8 16. Bf4 e5 17. Be3 Nf6 18. dxe5 dxe5 19. Qxe7 Rxe7 20. Rd8+ Re8
21. Rxe8+ Nxe8 22. Rd1 Be6 23. b3 Kg8 24. Bc1 Kf7 25. e4 Nf6 26. exf5 Bxf5 27.
Bb2 Re8 28. h3 h5 29. Kf1 e4 30. Ke2 h4 31. Ke3 Ke6 32. g4 Bxg4 33. hxg4 Nxg4+
34. Ke2 Rf8 35. Bd4 Rd8 36. Bh3 Kf5 37. Be3 1-0

[Event "4.Nord-West-Cup"]
[Site "?"]
[Date "2002.??.??"]
[Round "4"]
[White "Hedke, Fred"]
[Black "Lichman, Peter"]
[Result "1-0"]
[WhiteElo "2370"]
[BlackElo "2091"]
[PlyCount "53"]

1. e4 e6 2. d4 d5 3. exd5 exd5 4. c4 Nf6 5. Nc3 Be7 6. h3 O-O 7. Nf3 Re8 8. Be2
dxc4 9. Bxc4 Bd6+ 10. Be3 Nc6 11. O-O h6 12. a3 a6 13. b4 b5 14. Ba2 Bb7 15.
Qb3 Qd7 16. d5 Ne5 17. Nxe5 Bxe5 18. Rad1 Rad8 19. Rd3 Bxc3 20. Qxc3 Nxd5 21.
Bxd5 Bxd5 22. Rfd1 c6 23. Bxh6 gxh6 24. Rg3+ Kf8 25. Qg7+ Ke7 26. Re3+ Kd6 27.
Qg3+ 1-0

[Event "4.Nord-West-Cup"]
[Site "?"]
[Date "2002.??.??"]
[Round "4"]
[White "Voloshin, Leonid"]
[Black "Fjodorow, Peter"]
[Result "1-0"]
[WhiteElo "2437"]
[BlackElo "2160"]
[PlyCount "37"]

1. d4 Nf6 2. Nf3 g6 3. Bg5 d5 4. e3 Bg7 5. Nbd2 Nbd7 6. Be2 O-O 7. O-O b6 8. c4
c6 9. cxd5 cxd5 10. Qa4 Bb7 11. Rac1 Ne4 12. Bf4 e5 13. dxe5 Nxd2 14. Nxd2 Nxe5
15. Nf3 Nxf3+ 16. Bxf3 Bxb2 17. Rc7 Rb8 18. Qxa7 Ba8 19. Rd7 1-0

[Event "4.Nord-West-Cup"]
[Site "?"]
[Date "2002.??.??"]
[Round "4"]
[White "Ljubarskij, Jurij"]
[Black "Warns, Heiko"]
[Result "1-0"]
[WhiteElo "2345"]
[BlackElo "2140"]
[PlyCount "79"]

1. e4 c5 2. Nc3 e6 3. f4 d5 4. Bb5+ Nc6 5. Nf3 Nf6 6. e5 Nd7 7. O-O Be7 8. b3
Qc7 9. Bb2 a6 10. Be2 b5 11. d3 Bb7 12. Nb1 O-O 13. Nbd2 f6 14. Qe1 fxe5 15.
Nxe5 Ncxe5 16. fxe5 Rxf1+ 17. Nxf1 Nxe5 18. Bg4 Nxg4 19. Qxe6+ Kh8 20. Qxg4 d4
21. Re1 Bf6 22. Bc1 Bc6 23. Bf4 Qd7 24. Qxd7 Bxd7 25. Nd2 Bf5 26. Bd6 Bg5 27.
Re5 Be3+ 28. Kf1 Bxd3+ 29. cxd3 Bxd2 30. Bxc5 Be3 31. Ke2 Kg8 32. Kf3 Rc8 33.
b4 Kf7 34. Ke4 Kf6 35. g3 g6 36. Rd5 Re8+ 37. Kf3 Ke6 38. Rd6+ Kf5 39. Bxd4 Bd2
40. h4 1-0

[Event "4.Nord-West-Cup"]
[Site "?"]
[Date "2002.??.??"]
[Round "4"]
[White "Markl, Martin"]
[Black "Perman, Torvald"]
[Result "1/2-1/2"]
[WhiteElo "2299"]
[BlackElo "2099"]
[PlyCount "47"]

1. d4 Nf6 2. c4 e6 3. Nc3 Bb4 4. a3 Bxc3+ 5. bxc3 c5 6. Qc2 d5 7. e3 O-O 8. Nf3
Qc7 9. Bd3 dxc4 10. Bxc4 Nc6 11. O-O e5 12. Bd3 Bg4 13. Bb2 Rfe8 14. Ng5 h6 15.
Ne4 Nxe4 16. Bxe4 c4 17. f3 Bd7 18. Rad1 Rad8 19. f4 Bg4 20. Rde1 exf4 21. Rxf4
f5 22. Bxc6 Qxc6 23. h3 Bh5 24. Qxf5 1/2-1/2

[Event "4.Nord-West-Cup"]
[Site "?"]
[Date "2002.??.??"]
[Round "4"]
[White "Korsus, Bernd"]
[Black "Schmidt, Oliver"]
[Result "1-0"]
[WhiteElo "2272"]
[BlackElo "2087"]
[PlyCount "83"]

1. d4 e6 2. c4 Bb4+ 3. Bd2 Qe7 4. Nc3 Nf6 5. g3 Nc6 6. Nf3 d6 7. d5 Bxc3 8.
Bxc3 Ne5 9. Nxe5 dxe5 10. Bg2 O-O 11. Qb3 exd5 12. cxd5 a5 13. a4 Rd8 14. O-O
Rd6 15. e4 b6 16. Qc2 c5 17. b3 Nd7 18. f4 f6 19. Qb2 Ba6 20. Rf2 Re8 21. Re1
Nf8 22. fxe5 fxe5 23. Bf1 Bxf1 24. Rexf1 Rf6 25. Rxf6 gxf6 26. Qe2 Qd6 27. Bd2
Kh8 28. Rf5 Ng6 29. Qh5 Re7 30. Qf3 Rf7 31. Bc3 Kg7 32. h4 Re7 33. Bd2 Rf7 34.
Qg4 Kh8 35. Rf2 Nf8 36. Bh6 f5 37. Bxf8 Rxf8 38. Rxf5 Rg8 39. Rg5 Rxg5 40. Qxg5
c4 41. bxc4 Qc5+ 42. Kg2 1-0

[Event "4.Nord-West-Cup"]
[Site "?"]
[Date "2002.??.??"]
[Round "4"]
[White "Weber, Siegfried"]
[Black "Langer, Wolfgang"]
[Result "1-0"]
[WhiteElo "2246"]
[BlackElo "2081"]
[PlyCount "105"]

1. d4 Nf6 2. c4 c5 3. d5 b5 4. cxb5 a6 5. bxa6 Bxa6 6. Nc3 d6 7. g3 g6 8. Bg2
Bg7 9. Nh3 O-O 10. O-O Nbd7 11. Qc2 Qc7 12. b3 Ra7 13. Bd2 Rb8 14. Rab1 Nb6 15.
a4 Nbd7 16. Nf4 Rab7 17. h4 Ne5 18. Rfc1 Nfg4 19. Ne4 Qd8 20. Ng5 h6 21. Ne4 h5
22. Ng5 Qb6 23. Be1 Qa7 24. Be4 Nf6 25. Bg2 Nfg4 26. Bh3 Bf6 27. Ne4 Bg7 28.
Bg2 Nf6 29. Bc3 Nfg4 30. e3 Rc8 31. Ng5 Bf6 32. Be4 Kg7 33. Bg2 c4 34. b4 Rd7
35. b5 Bb7 36. Bd4 Qa8 37. Ra1 Nd3 38. Nxd3 Bxd4 39. exd4 cxd3 40. Qxd3 Rxc1+
41. Rxc1 Qxa4 42. Ne6+ Kg8 43. Nc5 dxc5 44. dxc5 Qa2 45. Qc2 Qa5 46. c6 Qxb5
47. Rb1 Bxc6 48. dxc6 Qd3 49. Qxd3 Rxd3 50. c7 Rc3 51. Rb8+ Kg7 52. c8=Q Rxc8
53. Rxc8 1-0

[Event "4.Nord-West-Cup"]
[Site "?"]
[Date "2002.??.??"]
[Round "4"]
[White "Tschetschelnitzki, Boris"]
[Black "Hank, Holger"]
[Result "1-0"]
[WhiteElo "2230"]
[BlackElo "2054"]
[PlyCount "67"]

1. d4 Nf6 2. Bg5 g6 3. Bxf6 exf6 4. g3 Bg7 5. Bg2 d6 6. e3 O-O 7. Ne2 c6 8. Nf4
Nd7 9. O-O Qb6 10. Qc1 f5 11. Nd2 Re8 12. a4 Nf6 13. a5 Qc7 14. Re1 Bd7 15. c3
Re7 16. Nd3 Rae8 17. c4 Ne4 18. c5 d5 19. a6 Rb8 20. b4 bxa6 21. Rxa6 Rb5 22.
f3 Ng5 23. Nf1 Ne6 24. Qa3 Bc8 25. Ra4 g5 26. f4 a5 27. Rxa5 Rxa5 28. Qxa5 Qxa5
29. bxa5 gxf4 30. gxf4 Ra7 31. Rb1 Ra8 32. Rb6 Ba6 33. Nb4 Bb5 34. Nxc6 1-0

[Event "4.Nord-West-Cup"]
[Site "?"]
[Date "2002.??.??"]
[Round "4"]
[White "Kuenitz, Klaus"]
[Black "Issel, Oliver"]
[Result "0-1"]
[WhiteElo "2068"]
[BlackElo "2226"]
[PlyCount "114"]

1. Nf3 Nf6 2. c4 e6 3. d4 Bb4+ 4. Nc3 c5 5. e3 O-O 6. Bd3 d5 7. O-O Nc6 8. a3
Bxc3 9. bxc3 dxc4 10. Bxc4 Qc7 11. Qe2 e5 12. h3 e4 13. Nh2 Na5 14. Ba2 c4 15.
Rb1 Nb3 16. Bxb3 cxb3 17. c4 b5 18. cxb5 Be6 19. Qd2 Qc4 20. Qb4 Qxb4 21. axb4
Rfc8 22. Rd1 Rc2 23. Nf1 Rac8 24. Nd2 b2 25. Bxb2 Ba2 26. Rbc1 h6 27. Kf1 Bc4+
28. Nxc4 R8xc4 29. Ba3 Nd5 30. Rxc2 Rxc2 31. Rc1 Ra2 32. Rc5 Nxe3+ 33. fxe3
Rxa3 34. Rc8+ Kh7 35. Ra8 Rxe3 36. Rxa7 Rd3 37. Rd7 Rb3 38. b6 Rxb4 39. b7 Kg6
40. Ke2 f5 41. Ke3 Kf6 42. h4 Rb3+ 43. Ke2 g6 44. Rd6+ Kf7 45. h5 Rxb7 46. Rxg6
f4 47. Rg4 Rb2+ 48. Kd1 Rf2 49. Ke1 e3 50. Rg6 Rd2 51. d5 Rxd5 52. Rxh6 Rg5 53.
Rg6 Rxg6 54. hxg6+ Kxg6 55. Ke2 Kg5 56. g3 fxg3 57. Kxe3 Kg4 0-1

[Event "4.Nord-West-Cup"]
[Site "?"]
[Date "2002.??.??"]
[Round "4"]
[White "Schuette, Marc"]
[Black "Gudat, Alfons"]
[Result "1-0"]
[WhiteElo "2210"]
[BlackElo "2032"]
[PlyCount "79"]

1. e4 c5 2. Nf3 Nc6 3. d4 cxd4 4. Nxd4 e5 5. Nb5 a6 6. N5c3 Nf6 7. Bg5 Be7 8.
g3 O-O 9. Bxf6 Bxf6 10. Bg2 d6 11. h4 Be6 12. O-O Rc8 13. a4 Nd4 14. Na3 b5 15.
axb5 axb5 16. Ncxb5 Nxb5 17. Nxb5 Bc4 18. Nxd6 Bxf1 19. Bxf1 Rc6 20. Nc4 Bxh4
21. gxh4 Qxh4 22. Ne3 Rd8 23. Nd5 Kf8 24. Bg2 h5 25. Qd3 g6 26. Ra7 Kg7 27. Qf3
Rf8 28. c3 Qg4 29. Qxg4 hxg4 30. Bf1 Kh6 31. b4 f5 32. Ra6 Rxa6 33. Bxa6 Kg5
34. b5 g3 35. fxg3 Kg4 36. Kg2 f4 37. gxf4 exf4 38. b6 f3+ 39. Kf2 Rh8 40. b7
1-0

[Event "4.Nord-West-Cup"]
[Site "?"]
[Date "2002.??.??"]
[Round "4"]
[White "Issing, Peter"]
[Black "Pericic, Boris"]
[Result "1-0"]
[WhiteElo "2253"]
[BlackElo "2021"]
[PlyCount "79"]

1. d4 Nf6 2. Bg5 b6 3. Nc3 Bb7 4. f3 e6 5. e4 h6 6. Be3 d6 7. Nge2 Nbd7 8. Qd2
c6 9. g4 Be7 10. Bg2 a6 11. Ng3 b5 12. O-O Qa5 13. b4 Qc7 14. Nce2 Nb6 15. Bf2
Nc4 16. Qc1 h5 17. h3 h4 18. Nh1 Nd7 19. c3 Ndb6 20. Be1 O-O-O 21. Nf2 Rdf8 22.
Nd3 Kb8 23. Bf2 Qd7 24. Qe1 g5 25. Nec1 f5 26. Nb3 f4 27. Qe2 Na4 28. Rac1 Rc8
29. Rfd1 Rhd8 30. Nd2 Nab6 31. Nxc4 Nxc4 32. a4 Re8 33. Ra1 Bf8 34. Bf1 d5 35.
Re1 e5 36. Bg2 dxe4 37. fxe4 Bg7 38. Nc5 Qf7 39. axb5 cxb5 40. d5 1-0